Introductory Clinical Pharmacology/ (Record no. 4452)
[ view plain ]
| 000 -LEADER | |
|---|---|
| fixed length control field | 00548nam a22001697a 4500 |
| 005 - DATE AND TIME OF LATEST TRANSACTION | |
| control field | 20250303083449.0 |
| 008 - FIXED-LENGTH DATA ELEMENTS--GENERAL INFORMATION | |
| fixed length control field | 250303b |||||||| |||| 00| 0 eng d |
| 020 ## - INTERNATIONAL STANDARD BOOK NUMBER | |
| International Standard Book Number | 9780781781848 |
| 050 ## - LIBRARY OF CONGRESS CALL NUMBER | |
| Classification number | RM301.28 ROA |
| 100 ## - MAIN ENTRY--PERSONAL NAME | |
| Personal name | Roach, Sally S. |
| 245 ## - TITLE STATEMENT | |
| Title | Introductory Clinical Pharmacology/ |
| Remainder of title | study guide to accompany |
| Statement of responsibility, etc. | Sally S. Roach & Susan M. Ford |
| 250 ## - EDITION STATEMENT | |
| Edition statement | 8th ed. |
| 260 ## - PUBLICATION, DISTRIBUTION, ETC. | |
| Place of publication, distribution, etc. | Philadelphia |
| Name of publisher, distributor, etc. | Wolters Kluwer/Lippincott Williams & Wilkins |
| Date of publication, distribution, etc. | 2008 |
| 300 ## - PHYSICAL DESCRIPTION | |
| Extent | iv. 303p. |
| Other physical details | ill. |
| Dimensions | 27.5cm |
| 700 ## - ADDED ENTRY--PERSONAL NAME | |
| Personal name | Ford, Susan M. |
| 942 ## - ADDED ENTRY ELEMENTS (KOHA) | |
| Source of classification or shelving scheme | Library of Congress Classification |
| Koha item type | Books |
| Edition | 8th ed. |
| Suppress in OPAC | No |
| 999 ## - | |
| -- | 4452 |
| -- | 4452 |
| Withdrawn status | Lost status | Source of classification or shelving scheme | Damaged status | Not for loan | Collection | Home library | Current library | Shelving location | Date acquired | Total checkouts | Full call number | Barcode | Date last seen | Copy number | Price effective from | Koha item type |
|---|---|---|---|---|---|---|---|---|---|---|---|---|---|---|---|---|
| Library of Congress Classification | Non-fiction | Science Library (Miotso) | Science Library (Miotso) | General stacks | 03/03/2025 | RM301.28 ROA | SLM00004181 | 03/03/2025 | 1 | 03/03/2025 | Books | |||||
| Library of Congress Classification | Non-fiction | Science Library (Miotso) | Science Library (Miotso) | General stacks | 03/03/2025 | RM301.28 ROA | SLM00004182 | 03/03/2025 | 2 | 03/03/2025 | Books |